[Event "Guernsey op 46th"]
[Site "St James"]
[Date "2022.10.18"]
[Round "3"]
[White "Kershaw, Graham J"]
[Black "Poldermans, Daan"]
[Result "0-1"]
[WhiteElo "1609"]
[BlackElo "1626"]
[PlyCount "36"]
[EventDate "2022.10.16"]
[EventType "swiss"]
[EventRounds "7"]
[EventCountry "GCI"]
[SourceTitle "EXT 2024"]
[Source "ChessBase"]
[SourceDate "2023.10.10"]
[SourceVersion "1"]
[SourceVersionDate "2023.10.10"]
[SourceQuality "1"]

1. e4 e6 2. d4 d5 3. Nd2 c5 4. c3 Nc6 5. Ne2 Nf6 6. e5 Nd7 7. Nf3 cxd4 8. cxd4 f6 9. Nf4 Bb4+ 10. Bd2 Bxd2+ 11. Qxd2 Qe7 12. exf6 Nxf6 13. Bd3 0-0 14. 0-0 Qb4 15. Rad1 Qxd2 16. Rxd2 Ne4 17. Nxe6 Bxe6 18. Re2 Bg4 0-1

[Event "Guernsey Holiday op 44th"]
[Site "Vale"]
[Date "2018.10.23"]
[Round "3"]
[White "Beadle, John R"]
[Black "Kershaw, Graham J"]
[Result "1/2-1/2"]
[WhiteElo "1565"]
[BlackElo "1712"]
[PlyCount "47"]
[EventDate "2018.10.21"]
[EventType "swiss"]
[EventRounds "7"]
[EventCountry "GCI"]
[SourceTitle "EXT 2021"]
[Source "ChessBase"]
[SourceDate "2020.10.23"]
[SourceVersion "1"]
[SourceVersionDate "2020.10.23"]
[SourceQuality "1"]

1. e4 e6 2. d4 d5 3. e5 c5 4. c3 Nc6 5. Nf3 Qb6 6. Be2 cxd4 7. cxd4 Bb4+ 8. Nc3 Bd7 9. 0-0 Rc8 10. Na4 Qa5 11. a3 Be7 12. Bd2 Qd8 13. Nc3 Na5 14. b3 Qb6 15. b4 Nc4 16. Bxc4 dxc4 17. Be3 Qa6 18. Nd2 b5 19. f4 Bd8 20. Nde4 Kf8 21. Nd6 Rb8 22. Nce4 Bc7 23. Rf3 Ne7 24. Rh3 1/2-1/2

[Event "Guernsey Holiday op 44th"]
[Site "Vale"]
[Date "2018.10.22"]
[Round "2"]
[White "Kershaw, Graham J"]
[Black "Jones, Sidney A"]
[Result "1/2-1/2"]
[WhiteElo "1712"]
[BlackElo "1488"]
[PlyCount "72"]
[EventDate "2018.10.21"]
[EventType "swiss"]
[EventRounds "7"]
[EventCountry "GCI"]
[SourceTitle "EXT 2021"]
[Source "ChessBase"]
[SourceDate "2020.10.23"]
[SourceVersion "1"]
[SourceVersionDate "2020.10.23"]
[SourceQuality "1"]

1. e4 e5 2. Nf3 Nc6 3. Bb5 Nf6 4. 0-0 Be7 5. Re1 0-0 6. c3 a6 7. Bxc6 dxc6 8. Nxe5 Bd6 9. Nc4 Bf4 10. f3 Be6 11. Ne3 Qd3 12. Qe2 Rad8 13. Qxd3 Rxd3 14. Kf2 Rfd8 15. g3 Bxe3+ 16. Rxe3 c5 17. Rxd3 Rxd3 18. Na3 b5 19. b3 Nd7 20. Ke2 Ne5 21. f4 Bg4+ 22. Kf2 Rf3+ 23. Kg2 Nd3 24. Nc2 Rf2+ 25. Kg1 Bh3 26. Ne3 Re2 27. Ba3 Ne1 28. Rxe1 Rxe1+ 29. Kf2 Ra1 30. Bxc5 Rxa2 31. Ke2 c6 32. Kd3 Ra1 33. f5 Rh1 34. Nc2 Bf1+ 35. Ke3 Rxh2 36. Nd4 Rh6 1/2-1/2

[Event "Guernsey Holiday op 42nd"]
[Site "Guernsey"]
[Date "2016.10.21"]
[Round "6"]
[White "Kershaw, Graham J"]
[Black "Jones, Sidney A"]
[Result "1-0"]
[WhiteElo "1687"]
[BlackElo "1472"]
[PlyCount "57"]
[EventDate "2016.10.16"]
[EventType "swiss"]
[EventRounds "7"]
[EventCountry "GCI"]
[SourceTitle "EXT 2022"]
[Source "ChessBase"]
[SourceDate "2021.10.06"]
[SourceVersion "1"]
[SourceVersionDate "2021.10.06"]
[SourceQuality "1"]

1. e4 e5 2. Nf3 Nc6 3. Bb5 Nf6 4. 0-0 a6 5. Ba4 Be7 6. Re1 b5 7. Bb3 0-0 8. c3 d5 9. exd5 Nxd5 10. Nxe5 Nxe5 11. Rxe5 c6 12. Bxd5 cxd5 13. Qf3 Be6 14. d4 Bf6 15. Re2 Qd7 16. h3 Rac8 17. b4 Bxd4 18. Bb2 Bf6 19. Nd2 Rc6 20. Nb3 Qc8 21. Nc5 Rxc5 22. bxc5 Qxc5 23. a4 Rc8 24. axb5 Qxb5 25. c4 dxc4 26. Bxf6 gxf6 27. Qxf6 c3 28. Rxe6 c2 29. Ree1 1-0

[Event "Guernsey Holiday op 40th"]
[Site "Guernsey"]
[Date "2014.10.20"]
[Round "2"]
[White "Haisma, Henk"]
[Black "Kershaw, Graham J"]
[Result "1-0"]
[WhiteElo "1694"]
[BlackElo "1773"]
[PlyCount "67"]
[EventDate "2014.10.19"]
[EventType "swiss"]
[EventRounds "7"]
[EventCountry "GCI"]
[SourceTitle "EXT 2022"]
[Source "ChessBase"]
[SourceDate "2021.10.06"]
[SourceVersion "1"]
[SourceVersionDate "2021.10.06"]
[SourceQuality "1"]

1. b4 e6 2. Bb2 Nf6 3. a3 d5 4. e3 c5 5. bxc5 Bxc5 6. Nf3 Nbd7 7. c4 dxc4 8. Bxc4 0-0 9. d4 Bd6 10. 0-0 a6 11. Bd3 b5 12. Nbd2 Bb7 13. e4 Nh5 14. g3 g6 15. e5 Be7 16. Be4 Qb6 17. Qe2 Rac8 18. Rfc1 Ng7 19. g4 Qa7 20. Rxc8 Rxc8 21. Rc1 Qa8 22. Bxb7 Qxb7 23. h3 Ne8 24. Qe4 Rxc1+ 25. Bxc1 Qc7 26. Nb3 a5 27. Qa8 Bd8 28. Bg5 f6 29. exf6 Nexf6 30. Ne5 Nxe5 31. dxe5 Kg7 32. Nd4 Kf7 33. Nxb5 Qe7 34. Nd6+ 1-0

[Event "Guernsey Holiday op"]
[Site "Guernsey"]
[Date "2012.10.21"]
[Round "1"]
[White "Harnden, Terry"]
[Black "Kershaw, Graham J"]
[Result "1-0"]
[WhiteElo "1535"]
[BlackElo "1696"]
[PlyCount "59"]
[EventDate "2012.10.21"]
[EventType "swiss"]
[EventRounds "7"]
[EventCountry "GCI"]
[SourceTitle "EXT 2015"]
[Source "ChessBase"]
[SourceDate "2014.11.20"]
[SourceVersion "1"]
[SourceVersionDate "2014.11.20"]
[SourceQuality "1"]

1. e4 e6 2. d4 d5 3. exd5 exd5 4. Nf3 Nf6 5. Bb5+ c6 6. Ba4 Bg4 7. 0-0 Be7 8. c3 0-0 9. Bg5 Nbd7 10. Nbd2 Ne4 11. Bxe7 Qxe7 12. Re1 f5 13. Qc1 Qd6 14. Bd1 Rae8 15. Rf1 Re7 16. Nh4 Ndf6 17. f3 Bxf3 18. Nxf5 Qc7 19. Nxe7+ Qxe7 20. Bxf3 Ng5 21. Qe1 Qd7 22. Qg3 h6 23. Rae1 Kh8 24. h3 c5 25. dxc5 Qb5 26. b4 Qd3 27. Qf4 Qxc3 28. Bxd5 Rd8 29. Qe5 Rxd5 30. Qxc3 1-0

[Event "Guernsey Holiday op"]
[Site "Guernsey"]
[Date "2011.10.16"]
[Round "1"]
[White "Kershaw, Graham J"]
[Black "Nalichowski, Bogdan"]
[Result "0-1"]
[WhiteElo "1760"]
[BlackElo "1626"]
[PlyCount "78"]
[EventDate "2011.10.16"]
[EventType "swiss"]
[EventRounds "7"]
[EventCountry "GCI"]
[SourceTitle "EXT 2015"]
[Source "ChessBase"]
[SourceDate "2014.11.20"]
[SourceVersion "1"]
[SourceVersionDate "2014.11.20"]
[SourceQuality "1"]

1. e4 e5 2. Nf3 Nc6 3. Bb5 Bc5 4. 0-0 Nge7 5. Re1 a6 6. Bc4 h6 7. c3 b5 8. Bb3 Ng6 9. d3 d6 10. h3 Qf6 11. Nbd2 Nf4 12. Nf1 Ne7 13. d4 Bb6 14. Be3 Neg6 15. dxe5 dxe5 16. a4 Bxe3 17. Rxe3 c6 18. axb5 cxb5 19. Bd5 Ra7 20. c4 bxc4 21. Bxc4 0-0 22. b4 Rd8 23. Qb3 Rd6 24. Ree1 Bb7 25. Ng3 Bc8 26. Red1 Rxd1+ 27. Rxd1 h5 28. Kh2 Nh4 29. Ne1 Nhxg2 30. Qa4 Qe7 31. Nf3 h4 32. Nf5 Bxf5 33. exf5 e4 34. Nd2 Rd7 35. Bxa6 e3 36. Qc6 Rd8 37. f6 Qxf6 38. Qxf6 gxf6 39. fxe3 Nxe3 0-1